000 00470nam a2200145Ia 4500
008 100122s9999 xx 000 0 und d
082 _b34721
_a170.202
100 _aकृष्णमूर्ती जे
245 _aजीवनभाष्ये भाग 2
260 _bओरिएट लॉगमन
_c1981
300 _a350
630 _aजीवनभाष्ये भाग 2
730 _aजीवनभाष्ये भाग 2
942 _cBOOK
999 _c418200
_d418197